| 000 | 00743nam a2200229 u 4500 | ||
|---|---|---|---|
| 005 | 20240522063658.0 | ||
| 008 | 171106s2008 es r 000 0 spa d | ||
| 020 | _a9788467528206 | ||
| 035 | _aUPN01000221442 | ||
| 049 | _aI | ||
| 050 | 4 |
_aPZ74.7 _bR6.3 |
|
| 100 | 1 |
_aRodari, Gianni, _d1920-1980 _931875 |
|
| 245 | 1 | 3 |
_aEl hombre que compró la ciudad de Estocolmo / _cGianni Rodari ; il. Javier Zabala. |
| 260 |
_aMadrid : _bSM, _c2008. |
||
| 300 |
_a[25] p. : _bprincipalmente il. col. |
||
| 534 |
_pTítulo original: _tA comprare la città di Stoccolma |
||
| 650 | 4 |
_aHUMORISMO INFANTIL _915728 |
|
| 650 | 4 |
_aDerechos de los niños _94862 |
|
| 650 | 4 |
_aCuentos infantiles italianos _97373 |
|
| 905 | _aInfantil | ||
| 999 |
_c193539 _d193539 |
||